Normal view
MARC view
- Case Jim
Entry Personal Name
001 - CONTROL NUMBER
- control field: 13120
003 - CONTROL NUMBER IDENTIFIER
- control field: IT-RoPau
005 - DATE AND TIME OF LATEST TRANSACTION
- control field: 20140212153651.0
008 - FIXED-LENGTH DATA ELEMENTS
- fixed length control field: 140212|| aca||aabn | a|a d
040 ## - CATALOGING SOURCE
- Original cataloging agency: IT-RoPau
- Transcribing agency: IT-RoPau
100 ## - HEADING--PERSONAL NAME
- Personal name: Case Jim
- Miscellaneous information: Codice autore musica SPICS: 27744
- Relator term: Autore musica
- Name of part/section of a work: Feel Like I'll Never Feel This Way Again
670 ## - SOURCE DATA FOUND
- Source citation: Work cat.: (IT-RoPau)100060: AA.VV. 794, Profeta non sarò